| 000 | 00561cam a2200145 4500500 | ||
|---|---|---|---|
| 005 | 20251012020603.0 | ||
| 041 | _afre | ||
| 042 | _adc | ||
| 100 | 1 | 0 |
_aBetengne, Jean-Paul _eauthor |
| 245 | 0 | 0 | _aLe statut juridique des pieux établissements français à l'étranger : le cas de la fondation Saint-Louis-des-Français de Madrid |
| 260 | _c2005. | ||
| 500 | _a95 | ||
| 786 | 0 | _nL'Année canonique | XLVII | 1 | 2005-02-11 | p. 195-226 | 0570-1953 | |
| 856 | 4 | 1 | _uhttps://shs.cairn.info/revue-l-annee-canonique-2005-1-page-195?lang=fr&redirect-ssocas=7080 |
| 999 |
_c1536105 _d1536105 |
||